Remote Sensing of Hydro-Meteorology (Record no. 15619)
[ view plain ]
| 000 -LEADER | |
|---|---|
| fixed length control field | 01244nam a2200133Ia 4500 |
| 008 - FIXED-LENGTH DATA ELEMENTS--GENERAL INFORMATION | |
| fixed length control field | 220615s9999||||xx |||||||||||||| ||und|| |
| 020 ## - INTERNATIONAL STANDARD BOOK NUMBER | |
| International Standard Book Number | 9783040000000 |
| 245 #0 - TITLE STATEMENT | |
| Title | Remote Sensing of Hydro-Meteorology |
| 546 ## - LANGUAGE NOTE | |
| Language note | English[eng] |
| 650 ## - SUBJECT ADDED ENTRY--TOPICAL TERM | |
| Topical term or geographic name entry element | spatial downscaling||MODIS chlorophyll-a||sentinel-2A MSI||multiple polynomial regression||genetic programming||rainfall variability||Indian Ocean Dipole (IOD)||El Niño–Southern Oscillation (ENSO)||intentional statistical simulation||satellite-based precipitation||hydrological modeling||error propagation||monsoon-climate watershed||typhoon-induced rainfall||prediction||statistical model||fuzzy C-means clustering||China||remote sensing||integrated drought monitoring||meteorological drought||hydrological drought||agricultural drought||Bayesian principal component analysis (BPCA)||statistical simulation||extreme precipitation index||PERSIANN-CDR||KGE||linear trend||Huai River Basin||Indian Ocean Dipole mode||El Niño–Southern Oscillation||singular spectrum analysis||mutual information||non-stationarity of seasonal precipitation |
| 700 ## - ADDED ENTRY--PERSONAL NAME | |
| Personal name | Lee, Joo-Heon||Kim, Jong-Suk||Jung, Young Hun||Sur, Chanyang |
| 856 ## - ELECTRONIC LOCATION AND ACCESS | |
| Uniform Resource Identifier | <a href="https://mdpi.com/books/pdfview/book/5096">https://mdpi.com/books/pdfview/book/5096</a> |
| 942 ## - ADDED ENTRY ELEMENTS (KOHA) | |
| Koha item type | E-Books |
| Withdrawn status | Lost status | Damaged status | Not for loan | Home library | Current library | Date acquired | Total Checkouts | Date last seen | Price effective from | Koha item type |
|---|---|---|---|---|---|---|---|---|---|---|
| Kerala University of Digital Sciences, Innovation and Technology Knowledge Centre | Kerala University of Digital Sciences, Innovation and Technology Knowledge Centre | 15/06/2022 | 15/06/2022 | 15/06/2022 | E-Books |